000
00293nam a22001217a 4500
999
_c
12132
_d
12132
082
_a
938.05
100
_a
Sahabzada Muhammad Abdulrasool
245
_a
Tarrekh Tehzeeb-e-Insani
260
_a
Sargodha
_b
University of Sargodha
_c
2009
300
_a
760
650
_a
English Fiction
942
_c
BK